ՀՀ Գիտությունների ազգային ակադեմիայի հիմնարար գիտական գրադարան  =   Fundamental Scientific Library of NAS RA

Молодые художники Москвы : (Record no. 481422)

MARC details
000 -LEADER
fixed length control field 00812nam a2200193 a 4500
001 - CONTROL NUMBER
control field 001091599
003 - CONTROL NUMBER IDENTIFIER
control field AM-YeHGA
005 - DATE AND TIME OF LATEST TRANSACTION
control field 20250617162007.0
008 - FIXED-LENGTH DATA ELEMENTS--GENERAL INFORMATION
fixed length control field 150708s1963 ru r 000 0 rus d
040 ## - CATALOGING SOURCE
Original cataloging agency AM-YeHGA
041 0# - LANGUAGE CODE
Language code of text/sound track or separate title rus
090 ## - LOCALLY ASSIGNED LC-TYPE CALL NUMBER (OCLC); LOCAL CALL NUMBER (RLIN)
-- 484771
245 00 - TITLE STATEMENT
Title Молодые художники Москвы :
Remainder of title Альбом произведений /
Statement of responsibility, etc. [Предисл. К. Кравченко].
260 ## - PUBLICATION, DISTRIBUTION, ETC.
Place of publication, distribution, etc. Ленинград :
Name of publisher, distributor, etc. Художник РСФСР,
Date of publication, distribution, etc. 1963.
300 ## - PHYSICAL DESCRIPTION
Extent [7] с., 26 л. ил. :
Other physical details ил. ;
Dimensions 29 см.
650 14 - SUBJECT ADDED ENTRY--TOPICAL TERM
Topical term or geographic name entry element Изобразительное искусство художников Москвы
Form subdivision Альбомы
650 14 - SUBJECT ADDED ENTRY--TOPICAL TERM
Topical term or geographic name entry element Русское советское изобразительное искусство
700 1# - ADDED ENTRY--PERSONAL NAME
Personal name Кравченко, К.
Relator term Авт. пред.
Relationship aui
Holdings
Withdrawn status Lost status Source of classification or shelving scheme Damaged status Not for loan Collection Home library Current library Date acquired Total checkouts Full call number Barcode Date last seen Price effective from Koha item type Public note
    Universal Decimal Classification     General Fundamental Scientific Library Fundamental Scientific Library 12/02/2018   PIII/15242 FL0479329 12/02/2018 12/02/2018 Գրքեր / Books 30 Days Loan


ՀՀ ԳԱԱ հիմնարար գիտական գրադարան
ՀՀ,Երևան 0019
Մարշալ Բաղրամյան 24/6
հեռախոս:(374-10) 52-47-50
Հետադարձ կապ

All site content, except where otherwise noted, is licensed under a
Creative Commons License